Statistics for Randomized Country Flags by Color Quiz

Click here to take the quiz!

General Stats

  • This quiz has been taken 29 times
  • The average score is 80 of 90

Answer Stats

QuestionTileSelect% Correct
Which of the following colors can be found on the flag of Vanuatu?No
100%
Which of the following colors can be found on the flag of Qatar?Yes
100%
Which of the following colors can be found on the flag of Vatican City?Yes
100%
Which of the following colors can be found on the flag of Vatican City?No
100%
Which of the following colors can be found on the flag of Vatican City?No
100%
Which of the following colors can be found on the flag of Qatar?No
100%
Which of the following colors can be found on the flag of Qatar?No
100%
Which of the following colors can be found on the flag of Qatar?No
100%
Which of the following colors can be found on the flag of Qatar?No
100%
Which of the following colors can be found on the flag of Qatar?Yes
100%
Which of the following colors can be found on the flag of Qatar?No
100%
Which of the following colors can be found on the flag of Vatican City?Yes
100%
Which of the following colors can be found on the flag of Qatar?No
100%
Which of the following colors can be found on the flag of Qatar?No
100%
Which of the following colors can be found on the flag of Austria?Yes
100%
Which of the following colors can be found on the flag of Austria?No
100%
Which of the following colors can be found on the flag of Austria?No
100%
Which of the following colors can be found on the flag of Austria?No
100%
Which of the following colors can be found on the flag of Austria?Yes
100%
Which of the following colors can be found on the flag of Austria?No
100%
Which of the following colors can be found on the flag of Austria?No
100%
Which of the following colors can be found on the flag of Vatican City?Yes
100%
Which of the following colors can be found on the flag of Vatican City?Yes
100%
Which of the following colors can be found on the flag of Austria?No
100%
Which of the following colors can be found on the flag of Belarus?No
100%
Which of the following colors can be found on the flag of Algeria?Yes
100%
Which of the following colors can be found on the flag of Belarus?No
100%
Which of the following colors can be found on the flag of Belarus?Yes
100%
Which of the following colors can be found on the flag of Belarus?No
100%
Which of the following colors can be found on the flag of Belarus?Yes
100%
Which of the following colors can be found on the flag of Belarus?No
100%
Which of the following colors can be found on the flag of Belarus?No
100%
Which of the following colors can be found on the flag of Belarus?No
100%
Which of the following colors can be found on the flag of Belarus?Yes
100%
Which of the following colors can be found on the flag of Denmark?No
100%
Which of the following colors can be found on the flag of Vatican City?No
100%
Which of the following colors can be found on the flag of Denmark?No
100%
Which of the following colors can be found on the flag of Denmark?Yes
100%
Which of the following colors can be found on the flag of Denmark?No
100%
Which of the following colors can be found on the flag of Denmark?Yes
100%
Which of the following colors can be found on the flag of Denmark?No
100%
Which of the following colors can be found on the flag of Denmark?No
100%
Which of the following colors can be found on the flag of Denmark?No
100%
Which of the following colors can be found on the flag of Denmark?No
100%
Which of the following colors can be found on the flag of Vatican City?No
100%
Which of the following colors can be found on the flag of Austria?No
100%
Which of the following colors can be found on the flag of Bangladesh?No
100%
Which of the following colors can be found on the flag of Algeria?Yes
100%
Which of the following colors can be found on the flag of Antigua and Barbuda?Yes
100%
Which of the following colors can be found on the flag of Australia?No
100%
Which of the following colors can be found on the flag of Iran?No
100%
Which of the following colors can be found on the flag of Iran?No
100%
Which of the following colors can be found on the flag of Iran?No
100%
Which of the following colors can be found on the flag of Iran?Yes
100%
Which of the following colors can be found on the flag of Iran?Yes
100%
Which of the following colors can be found on the flag of Iran?No
100%
Which of the following colors can be found on the flag of Iran?No
100%
Which of the following colors can be found on the flag of Iran?Yes
100%
Which of the following colors can be found on the flag of Antigua and Barbuda?Yes
100%
Which of the following colors can be found on the flag of Australia?No
100%
Which of the following colors can be found on the flag of Antigua and Barbuda?No
100%
Which of the following colors can be found on the flag of Antigua and Barbuda?No
100%
Which of the following colors can be found on the flag of Antigua and Barbuda?No
100%
Which of the following colors can be found on the flag of Antigua and Barbuda?No
100%
Which of the following colors can be found on the flag of Egypt?No
100%
Which of the following colors can be found on the flag of Egypt?Yes
100%
Which of the following colors can be found on the flag of Egypt?Yes
100%
Which of the following colors can be found on the flag of Egypt?No
100%
Which of the following colors can be found on the flag of Egypt?No
100%
Which of the following colors can be found on the flag of Australia?Yes
100%
Which of the following colors can be found on the flag of Australia?No
100%
Which of the following colors can be found on the flag of Bangladesh?Yes
100%
Which of the following colors can be found on the flag of Trinidad and Tobago?No
100%
Which of the following colors can be found on the flag of Bangladesh?No
100%
Which of the following colors can be found on the flag of Bangladesh?No
100%
Which of the following colors can be found on the flag of Bangladesh?No
100%
Which of the following colors can be found on the flag of Bangladesh?No
100%
Which of the following colors can be found on the flag of Bangladesh?No
100%
Which of the following colors can be found on the flag of Bangladesh?No
100%
Which of the following colors can be found on the flag of Bangladesh?Yes
100%
Which of the following colors can be found on the flag of Trinidad and Tobago?No
100%
Which of the following colors can be found on the flag of Trinidad and Tobago?No
100%
Which of the following colors can be found on the flag of Trinidad and Tobago?No
100%
Which of the following colors can be found on the flag of Australia?Yes
100%
Which of the following colors can be found on the flag of Trinidad and Tobago?No
100%
Which of the following colors can be found on the flag of Trinidad and Tobago?Yes
100%
Which of the following colors can be found on the flag of Trinidad and Tobago?Yes
100%
Which of the following colors can be found on the flag of Trinidad and Tobago?Yes
100%
Which of the following colors can be found on the flag of Trinidad and Tobago?No
100%
Which of the following colors can be found on the flag of Australia?No
100%
Which of the following colors can be found on the flag of Australia?No
100%
Which of the following colors can be found on the flag of Australia?No
100%
Which of the following colors can be found on the flag of Australia?Yes
100%
Which of the following colors can be found on the flag of Algeria?No
100%
Which of the following colors can be found on the flag of Algeria?No
100%
Which of the following colors can be found on the flag of Egypt?Yes
100%
Which of the following colors can be found on the flag of the Bahamas?No
100%
Which of the following colors can be found on the flag of Russia?No
100%
Which of the following colors can be found on the flag of Russia?Yes
100%
Which of the following colors can be found on the flag of Russia?Yes
100%
Which of the following colors can be found on the flag of Russia?Yes
100%
Which of the following colors can be found on the flag of Russia?No
100%
Which of the following colors can be found on the flag of Russia?No
100%
Which of the following colors can be found on the flag of the Bahamas?No
100%
Which of the following colors can be found on the flag of the Bahamas?No
100%
Which of the following colors can be found on the flag of the Bahamas?Yes
100%
Which of the following colors can be found on the flag of Canada?No
100%
Which of the following colors can be found on the flag of Russia?No
100%
Which of the following colors can be found on the flag of Canada?No
100%
Which of the following colors can be found on the flag of Canada?No
100%
Which of the following colors can be found on the flag of Canada?Yes
100%
Which of the following colors can be found on the flag of Canada?Yes
100%
Which of the following colors can be found on the flag of Canada?No
100%
Which of the following colors can be found on the flag of Canada?No
100%
Which of the following colors can be found on the flag of Canada?No
100%
Which of the following colors can be found on the flag of Canada?No
100%
Which of the following colors can be found on the flag of Germany?Yes
100%
Which of the following colors can be found on the flag of Russia?No
100%
Which of the following colors can be found on the flag of Russia?No
100%
Which of the following colors can be found on the flag of Germany?No
100%
Which of the following colors can be found on the flag of the Federated States of Micronesia?No
100%
Which of the following colors can be found on the flag of Kenya?No
100%
Which of the following colors can be found on the flag of Gabon?No
100%
Which of the following colors can be found on the flag of Gabon?Yes
100%
Which of the following colors can be found on the flag of Gabon?No
100%
Which of the following colors can be found on the flag of Gabon?Yes
100%
Which of the following colors can be found on the flag of the Federated States of Micronesia?No
100%
Which of the following colors can be found on the flag of the Federated States of Micronesia?Yes
100%
Which of the following colors can be found on the flag of the Federated States of Micronesia?No
100%
Which of the following colors can be found on the flag of the Federated States of Micronesia?No
100%
Which of the following colors can be found on the flag of the Federated States of Micronesia?No
100%
Which of the following colors can be found on the flag of Switzerland?No
100%
Which of the following colors can be found on the flag of the Federated States of Micronesia?No
100%
Which of the following colors can be found on the flag of Switzerland?No
100%
Which of the following colors can be found on the flag of Switzerland?No
100%
Which of the following colors can be found on the flag of Switzerland?Yes
100%
Which of the following colors can be found on the flag of Switzerland?No
100%
Which of the following colors can be found on the flag of Switzerland?No
100%
Which of the following colors can be found on the flag of Switzerland?No
100%
Which of the following colors can be found on the flag of Switzerland?Yes
100%
Which of the following colors can be found on the flag of Switzerland?No
100%
Which of the following colors can be found on the flag of Germany?No
100%
Which of the following colors can be found on the flag of Germany?No
100%
Which of the following colors can be found on the flag of Algeria?Yes
100%
Which of the following colors can be found on the flag of Nauru?No
100%
Which of the following colors can be found on the flag of Portugal?Yes
100%
Which of the following colors can be found on the flag of Liechtenstein?No
100%
Which of the following colors can be found on the flag of Liechtenstein?No
100%
Which of the following colors can be found on the flag of Liechtenstein?No
100%
Which of the following colors can be found on the flag of Liechtenstein?No
100%
Which of the following colors can be found on the flag of Liechtenstein?Yes
100%
Which of the following colors can be found on the flag of Liechtenstein?No
100%
Which of the following colors can be found on the flag of Nauru?No
100%
Which of the following colors can be found on the flag of Nauru?No
100%
Which of the following colors can be found on the flag of Nauru?Yes
100%
Which of the following colors can be found on the flag of Portugal?No
100%
Which of the following colors can be found on the flag of Nauru?No
100%
Which of the following colors can be found on the flag of Nauru?Yes
100%
Which of the following colors can be found on the flag of Nauru?Yes
100%
Which of the following colors can be found on the flag of Nauru?No
100%
Which of the following colors can be found on the flag of Nauru?No
100%
Which of the following colors can be found on the flag of Algeria?No
100%
Which of the following colors can be found on the flag of Algeria?No
100%
Which of the following colors can be found on the flag of Algeria?No
100%
Which of the following colors can be found on the flag of Algeria?No
100%
Which of the following colors can be found on the flag of Portugal?Yes
100%
Which of the following colors can be found on the flag of Portugal?Yes
100%
Which of the following colors can be found on the flag of Germany?No
100%
Which of the following colors can be found on the flag of Philippines?Yes
100%
Which of the following colors can be found on the flag of Germany?No
100%
Which of the following colors can be found on the flag of Germany?No
100%
Which of the following colors can be found on the flag of Philippines?No
100%
Which of the following colors can be found on the flag of Philippines?Yes
100%
Which of the following colors can be found on the flag of Philippines?No
100%
Which of the following colors can be found on the flag of Philippines?Yes
100%
Which of the following colors can be found on the flag of Philippines?Yes
100%
Which of the following colors can be found on the flag of Philippines?No
100%
Which of the following colors can be found on the flag of Philippines?No
100%
Which of the following colors can be found on the flag of Bhutan?Yes
100%
Which of the following colors can be found on the flag of Portugal?No
100%
Which of the following colors can be found on the flag of Bhutan?No
100%
Which of the following colors can be found on the flag of Bhutan?No
100%
Which of the following colors can be found on the flag of Bhutan?No
100%
Which of the following colors can be found on the flag of Bhutan?Yes
100%
Which of the following colors can be found on the flag of Bhutan?No
100%
Which of the following colors can be found on the flag of Bhutan?Yes
100%
Which of the following colors can be found on the flag of Bhutan?No
100%
Which of the following colors can be found on the flag of Portugal?No
100%
Which of the following colors can be found on the flag of Portugal?Yes
100%
Which of the following colors can be found on the flag of Egypt?Yes
100%
Which of the following colors can be found on the flag of Egypt?No
100%
Which of the following colors can be found on the flag of Kenya?No
100%
Which of the following colors can be found on the flag of the United States?No
100%
Which of the following colors can be found on the flag of Guyana?No
100%
Which of the following colors can be found on the flag of Guyana?No
100%
Which of the following colors can be found on the flag of Guyana?No
100%
Which of the following colors can be found on the flag of the United States?No
100%
Which of the following colors can be found on the flag of the United States?Yes
100%
Which of the following colors can be found on the flag of the United States?No
100%
Which of the following colors can be found on the flag of the United States?No
100%
Which of the following colors can be found on the flag of the United States?Yes
100%
Which of the following colors can be found on the flag of the United States?No
100%
Which of the following colors can be found on the flag of the United States?Yes
100%
Which of the following colors can be found on the flag of Ivory Coast?No
100%
Which of the following colors can be found on the flag of the United States?No
100%
Which of the following colors can be found on the flag of the Democratic Republic of the Congo?No
100%
Which of the following colors can be found on the flag of the Democratic Republic of the Congo?Yes
100%
Which of the following colors can be found on the flag of the Democratic Republic of the Congo?No
100%
Which of the following colors can be found on the flag of the Democratic Republic of the Congo?Yes
100%
Which of the following colors can be found on the flag of the Democratic Republic of the Congo?No
100%
Which of the following colors can be found on the flag of Angola?Yes
100%
Which of the following colors can be found on the flag of Angola?No
100%
Which of the following colors can be found on the flag of Angola?No
100%
Which of the following colors can be found on the flag of Ivory Coast?No
100%
Which of the following colors can be found on the flag of Ivory Coast?Yes
100%
Which of the following colors can be found on the flag of Angola?No
100%
Which of the following colors can be found on the flag of Jamaica?No
100%
Which of the following colors can be found on the flag of Estonia?No
100%
Which of the following colors can be found on the flag of Estonia?Yes
100%
Which of the following colors can be found on the flag of Estonia?No
100%
Which of the following colors can be found on the flag of Estonia?No
100%
Which of the following colors can be found on the flag of Estonia?No
100%
Which of the following colors can be found on the flag of Estonia?Yes
100%
Which of the following colors can be found on the flag of Jamaica?No
100%
Which of the following colors can be found on the flag of Jamaica?Yes
100%
Which of the following colors can be found on the flag of Jamaica?No
100%
Which of the following colors can be found on the flag of Jamaica?No
100%
Which of the following colors can be found on the flag of Ivory Coast?Yes
100%
Which of the following colors can be found on the flag of Jamaica?Yes
100%
Which of the following colors can be found on the flag of Jamaica?No
100%
Which of the following colors can be found on the flag of Jamaica?No
100%
Which of the following colors can be found on the flag of Jamaica?Yes
100%
Which of the following colors can be found on the flag of Ivory Coast?No
100%
Which of the following colors can be found on the flag of Ivory Coast?No
100%
Which of the following colors can be found on the flag of Ivory Coast?No
100%
Which of the following colors can be found on the flag of Ivory Coast?Yes
100%
Which of the following colors can be found on the flag of Ivory Coast?No
100%
Which of the following colors can be found on the flag of Angola?Yes
100%
Which of the following colors can be found on the flag of Angola?No
100%
Which of the following colors can be found on the flag of Estonia?No
100%
Which of the following colors can be found on the flag of Lebanon?No
100%
Which of the following colors can be found on the flag of Zimbabwe?No
100%
Which of the following colors can be found on the flag of Zimbabwe?No
100%
Which of the following colors can be found on the flag of Dominica?Yes
100%
Which of the following colors can be found on the flag of Lebanon?No
100%
Which of the following colors can be found on the flag of Lebanon?Yes
100%
Which of the following colors can be found on the flag of Lebanon?No
100%
Which of the following colors can be found on the flag of Lebanon?No
100%
Which of the following colors can be found on the flag of Lebanon?Yes
100%
Which of the following colors can be found on the flag of Lebanon?Yes
100%
Which of the following colors can be found on the flag of Lebanon?No
100%
Which of the following colors can be found on the flag of Zimbabwe?Yes
100%
Which of the following colors can be found on the flag of Lebanon?No
100%
Which of the following colors can be found on the flag of Iraq?No
100%
Which of the following colors can be found on the flag of Iraq?No
100%
Which of the following colors can be found on the flag of Iraq?Yes
100%
Which of the following colors can be found on the flag of Iraq?Yes
100%
Which of the following colors can be found on the flag of Iraq?Yes
100%
Which of the following colors can be found on the flag of Iraq?Yes
100%
Which of the following colors can be found on the flag of Iraq?No
100%
Which of the following colors can be found on the flag of Iraq?No
100%
Which of the following colors can be found on the flag of Zimbabwe?Yes
100%
Which of the following colors can be found on the flag of Zimbabwe?Yes
100%
Which of the following colors can be found on the flag of Angola?No
100%
Which of the following colors can be found on the flag of Latvia?No
100%
Which of the following colors can be found on the flag of Angola?No
100%
Which of the following colors can be found on the flag of Latvia?Yes
100%
Which of the following colors can be found on the flag of Latvia?No
100%
Which of the following colors can be found on the flag of Latvia?No
100%
Which of the following colors can be found on the flag of Latvia?No
100%
Which of the following colors can be found on the flag of Latvia?No
100%
Which of the following colors can be found on the flag of Latvia?Yes
100%
Which of the following colors can be found on the flag of Latvia?No
100%
Which of the following colors can be found on the flag of Latvia?No
100%
Which of the following colors can be found on the flag of Cuba?No
100%
Which of the following colors can be found on the flag of Zimbabwe?No
100%
Which of the following colors can be found on the flag of Cuba?Yes
100%
Which of the following colors can be found on the flag of Cuba?No
100%
Which of the following colors can be found on the flag of Cuba?No
100%
Which of the following colors can be found on the flag of Cuba?No
100%
Which of the following colors can be found on the flag of Cuba?No
100%
Which of the following colors can be found on the flag of Cuba?No
100%
Which of the following colors can be found on the flag of Zimbabwe?Yes
100%
Which of the following colors can be found on the flag of Zimbabwe?Yes
100%
Which of the following colors can be found on the flag of Zimbabwe?No
100%
Which of the following colors can be found on the flag of Estonia?Yes
100%
Which of the following colors can be found on the flag of Estonia?No
100%
Which of the following colors can be found on the flag of Egypt?No
100%
Which of the following colors can be found on the flag of South Sudan?No
100%
Which of the following colors can be found on the flag of Finland?No
100%
Which of the following colors can be found on the flag of Finland?No
100%
Which of the following colors can be found on the flag of Finland?Yes
100%
Which of the following colors can be found on the flag of Finland?No
100%
Which of the following colors can be found on the flag of Djibouti?No
100%
Which of the following colors can be found on the flag of Djibouti?No
100%
Which of the following colors can be found on the flag of Djibouti?No
100%
Which of the following colors can be found on the flag of Djibouti?Yes
100%
Which of the following colors can be found on the flag of Djibouti?Yes
100%
Which of the following colors can be found on the flag of South Sudan?Yes
100%
Which of the following colors can be found on the flag of Finland?No
100%
Which of the following colors can be found on the flag of South Sudan?No
100%
Which of the following colors can be found on the flag of Albania?No
100%
Which of the following colors can be found on the flag of Albania?Yes
100%
Which of the following colors can be found on the flag of Albania?No
100%
Which of the following colors can be found on the flag of Albania?No
100%
Which of the following colors can be found on the flag of Albania?No
100%
Which of the following colors can be found on the flag of Albania?No
100%
Which of the following colors can be found on the flag of Albania?Yes
100%
Which of the following colors can be found on the flag of Albania?No
100%
Which of the following colors can be found on the flag of Finland?No
100%
Which of the following colors can be found on the flag of Finland?No
100%
Which of the following colors can be found on the flag of Fiji?Yes
100%
Which of the following colors can be found on the flag of Israel?Yes
100%
Which of the following colors can be found on the flag of Greece?No
100%
Which of the following colors can be found on the flag of Greece?No
100%
Which of the following colors can be found on the flag of Greece?Yes
100%
Which of the following colors can be found on the flag of Greece?No
100%
Which of the following colors can be found on the flag of Greece?Yes
100%
Which of the following colors can be found on the flag of Greece?No
100%
Which of the following colors can be found on the flag of Greece?No
100%
Which of the following colors can be found on the flag of Greece?No
100%
Which of the following colors can be found on the flag of Greece?No
100%
Which of the following colors can be found on the flag of Israel?No
100%
Which of the following colors can be found on the flag of Azerbaijan?Yes
100%
Which of the following colors can be found on the flag of Israel?No
100%
Which of the following colors can be found on the flag of Israel?No
100%
Which of the following colors can be found on the flag of Israel?Yes
100%
Which of the following colors can be found on the flag of Israel?No
100%
Which of the following colors can be found on the flag of Israel?No
100%
Which of the following colors can be found on the flag of Israel?No
100%
Which of the following colors can be found on the flag of Israel?No
100%
Which of the following colors can be found on the flag of Azerbaijan?No
100%
Which of the following colors can be found on the flag of Azerbaijan?No
100%
Which of the following colors can be found on the flag of Albania?No
100%
Which of the following colors can be found on the flag of Fiji?No
100%
Which of the following colors can be found on the flag of Belgium?No
100%
Which of the following colors can be found on the flag of Lithuania?No
100%
Which of the following colors can be found on the flag of Barbados?Yes
100%
Which of the following colors can be found on the flag of Barbados?No
100%
Which of the following colors can be found on the flag of Barbados?No
100%
Which of the following colors can be found on the flag of Lithuania?No
100%
Which of the following colors can be found on the flag of Lithuania?Yes
100%
Which of the following colors can be found on the flag of Lithuania?No
100%
Which of the following colors can be found on the flag of Lithuania?Yes
100%
Which of the following colors can be found on the flag of Lithuania?Yes
100%
Which of the following colors can be found on the flag of Lithuania?No
100%
Which of the following colors can be found on the flag of Lithuania?No
100%
Which of the following colors can be found on the flag of Barbados?No
100%
Which of the following colors can be found on the flag of Lithuania?No
100%
Which of the following colors can be found on the flag of Belgium?No
100%
Which of the following colors can be found on the flag of Belgium?Yes
100%
Which of the following colors can be found on the flag of Belgium?Yes
100%
Which of the following colors can be found on the flag of Belgium?No
100%
Which of the following colors can be found on the flag of Belgium?No
100%
Which of the following colors can be found on the flag of Belgium?Yes
100%
Which of the following colors can be found on the flag of Belgium?No
100%
Which of the following colors can be found on the flag of Belgium?No
100%
Which of the following colors can be found on the flag of Barbados?No
100%
Which of the following colors can be found on the flag of Barbados?No
100%
Which of the following colors can be found on the flag of Niger?No
100%
Which of the following colors can be found on the flag of Afghanistan?No
100%
Which of the following colors can be found on the flag of Niger?Yes
100%
Which of the following colors can be found on the flag of Niger?No
100%
Which of the following colors can be found on the flag of Niger?No
100%
Which of the following colors can be found on the flag of Niger?Yes
100%
Which of the following colors can be found on the flag of Niger?No
100%
Which of the following colors can be found on the flag of Niger?Yes
100%
Which of the following colors can be found on the flag of Niger?No
100%
Which of the following colors can be found on the flag of Niger?No
100%
Which of the following colors can be found on the flag of Afghanistan?No
100%
Which of the following colors can be found on the flag of Afghanistan?Yes
100%
Which of the following colors can be found on the flag of Barbados?Yes
100%
Which of the following colors can be found on the flag of Afghanistan?No
100%
Which of the following colors can be found on the flag of Afghanistan?No
100%
Which of the following colors can be found on the flag of Afghanistan?Yes
100%
Which of the following colors can be found on the flag of Afghanistan?No
100%
Which of the following colors can be found on the flag of the Republic of the Congo?No
100%
Which of the following colors can be found on the flag of the Republic of the Congo?No
100%
Which of the following colors can be found on the flag of the Republic of the Congo?No
100%
Which of the following colors can be found on the flag of Barbados?Yes
100%
Which of the following colors can be found on the flag of Barbados?No
100%
Which of the following colors can be found on the flag of Kenya?Yes
100%
Which of the following colors can be found on the flag of Philippines?No
100%
Which of the following colors can be found on the flag of Kenya?Yes
100%
Which of the following colors can be found on the flag of Cape Verde?Yes
100%
Which of the following colors can be found on the flag of Solomon Islands?Yes
100%
Which of the following colors can be found on the flag of Solomon Islands?No
100%
Which of the following colors can be found on the flag of Solomon Islands?Yes
100%
Which of the following colors can be found on the flag of Solomon Islands?No
100%
Which of the following colors can be found on the flag of Cape Verde?No
100%
Which of the following colors can be found on the flag of Cape Verde?Yes
100%
Which of the following colors can be found on the flag of Cape Verde?No
100%
Which of the following colors can be found on the flag of Cape Verde?No
100%
Which of the following colors can be found on the flag of Solomon Islands?Yes
100%
Which of the following colors can be found on the flag of Kenya?No
100%
Which of the following colors can be found on the flag of Cape Verde?Yes
100%
Which of the following colors can be found on the flag of Cape Verde?No
100%
Which of the following colors can be found on the flag of Cape Verde?No
100%
Which of the following colors can be found on the flag of Uganda?No
100%
Which of the following colors can be found on the flag of Uganda?Yes
100%
Which of the following colors can be found on the flag of Kosovo?No
100%
Which of the following colors can be found on the flag of Kosovo?No
100%
Which of the following colors can be found on the flag of Solomon Islands?No
100%
Which of the following colors can be found on the flag of Solomon Islands?No
100%
Which of the following colors can be found on the flag of Kosovo?No
100%
Which of the following colors can be found on the flag of Kazakhstan?Yes
100%
Which of the following colors can be found on the flag of Kazakhstan?No
100%
Which of the following colors can be found on the flag of Kazakhstan?No
100%
Which of the following colors can be found on the flag of Kazakhstan?No
100%
Which of the following colors can be found on the flag of Kazakhstan?No
100%
Which of the following colors can be found on the flag of Kazakhstan?Yes
100%
Which of the following colors can be found on the flag of Kazakhstan?No
100%
Which of the following colors can be found on the flag of Kazakhstan?No
100%
Which of the following colors can be found on the flag of Kazakhstan?No
100%
Which of the following colors can be found on the flag of France?Yes
100%
Which of the following colors can be found on the flag of Solomon Islands?No
100%
Which of the following colors can be found on the flag of France?No
100%
Which of the following colors can be found on the flag of France?No
100%
Which of the following colors can be found on the flag of France?Yes
100%
Which of the following colors can be found on the flag of France?No
100%
Which of the following colors can be found on the flag of France?Yes
100%
Which of the following colors can be found on the flag of France?No
100%
Which of the following colors can be found on the flag of France?No
100%
Which of the following colors can be found on the flag of France?No
100%
Which of the following colors can be found on the flag of Kosovo?No
100%
Which of the following colors can be found on the flag of Kosovo?Yes
100%
Which of the following colors can be found on the flag of Cambodia?No
100%
Which of the following colors can be found on the flag of Uzbekistan?No
100%
Which of the following colors can be found on the flag of United Arab Emirates?No
100%
Which of the following colors can be found on the flag of United Arab Emirates?No
100%
Which of the following colors can be found on the flag of United Arab Emirates?No
100%
Which of the following colors can be found on the flag of United Arab Emirates?Yes
100%
Which of the following colors can be found on the flag of United Arab Emirates?No
100%
Which of the following colors can be found on the flag of United Arab Emirates?Yes
100%
Which of the following colors can be found on the flag of United Arab Emirates?Yes
100%
Which of the following colors can be found on the flag of United Arab Emirates?No
100%
Which of the following colors can be found on the flag of Uzbekistan?No
100%
Which of the following colors can be found on the flag of India?No
100%
Which of the following colors can be found on the flag of Uzbekistan?Yes
100%
Which of the following colors can be found on the flag of Uzbekistan?Yes
100%
Which of the following colors can be found on the flag of Uzbekistan?Yes
100%
Which of the following colors can be found on the flag of Uzbekistan?No
100%
Which of the following colors can be found on the flag of Uzbekistan?No
100%
Which of the following colors can be found on the flag of Uzbekistan?No
100%
Which of the following colors can be found on the flag of Mongolia?Yes
100%
Which of the following colors can be found on the flag of Mongolia?No
100%
Which of the following colors can be found on the flag of United Arab Emirates?Yes
100%
Which of the following colors can be found on the flag of India?Yes
100%
Which of the following colors can be found on the flag of Kosovo?Yes
100%
Which of the following colors can be found on the flag of Sweden?Yes
100%
Which of the following colors can be found on the flag of Kosovo?Yes
100%
Which of the following colors can be found on the flag of Kosovo?No
100%
Which of the following colors can be found on the flag of Sweden?Yes
100%
Which of the following colors can be found on the flag of Sweden?No
100%
Which of the following colors can be found on the flag of Sweden?No
100%
Which of the following colors can be found on the flag of Sweden?No
100%
Which of the following colors can be found on the flag of Sweden?No
100%
Which of the following colors can be found on the flag of Sweden?No
100%
Which of the following colors can be found on the flag of Sweden?No
100%
Which of the following colors can be found on the flag of India?Yes
100%
Which of the following colors can be found on the flag of Sweden?No
100%
Which of the following colors can be found on the flag of Montenegro?No
100%
Which of the following colors can be found on the flag of Montenegro?No
100%
Which of the following colors can be found on the flag of Montenegro?Yes
100%
Which of the following colors can be found on the flag of Montenegro?No
100%
Which of the following colors can be found on the flag of India?No
100%
Which of the following colors can be found on the flag of India?No
100%
Which of the following colors can be found on the flag of India?Yes
100%
Which of the following colors can be found on the flag of Cambodia?No
100%
Which of the following colors can be found on the flag of Cambodia?No
100%
Which of the following colors can be found on the flag of Mongolia?Yes
100%
Which of the following colors can be found on the flag of Mauritius?No
100%
Which of the following colors can be found on the flag of Cyprus?No
100%
Which of the following colors can be found on the flag of Cyprus?Yes
100%
Which of the following colors can be found on the flag of Sri Lanka?No
100%
Which of the following colors can be found on the flag of Sri Lanka?No
100%
Which of the following colors can be found on the flag of Sri Lanka?Yes
100%
Which of the following colors can be found on the flag of Sri Lanka?Yes
100%
Which of the following colors can be found on the flag of Sri Lanka?No
100%
Which of the following colors can be found on the flag of Mauritius?Yes
100%
Which of the following colors can be found on the flag of Cyprus?No
100%
Which of the following colors can be found on the flag of Mauritius?No
100%
Which of the following colors can be found on the flag of Mauritius?Yes
100%
Which of the following colors can be found on the flag of Mauritius?No
100%
Which of the following colors can be found on the flag of Mauritius?No
100%
Which of the following colors can be found on the flag of Saint Vincent and the Grenadines?No
100%
Which of the following colors can be found on the flag of Saint Vincent and the Grenadines?No
100%
Which of the following colors can be found on the flag of Saint Vincent and the Grenadines?No
100%
Which of the following colors can be found on the flag of Saint Vincent and the Grenadines?Yes
100%
Which of the following colors can be found on the flag of Cyprus?No
100%
Which of the following colors can be found on the flag of Cyprus?No
100%
Which of the following colors can be found on the flag of Saint Vincent and the Grenadines?No
100%
Which of the following colors can be found on the flag of Ukraine?No
100%
Which of the following colors can be found on the flag of Vanuatu?No
100%
Which of the following colors can be found on the flag of Ukraine?Yes
100%
Which of the following colors can be found on the flag of Ukraine?No
100%
Which of the following colors can be found on the flag of Ukraine?No
100%
Which of the following colors can be found on the flag of Ukraine?No
100%
Which of the following colors can be found on the flag of Ukraine?No
100%
Which of the following colors can be found on the flag of Ukraine?No
100%
Which of the following colors can be found on the flag of Ukraine?Yes
100%
Which of the following colors can be found on the flag of Ukraine?No
100%
Which of the following colors can be found on the flag of Cyprus?No
100%
Which of the following colors can be found on the flag of Turkmenistan?Yes
100%
Which of the following colors can be found on the flag of Turkmenistan?No
100%
Which of the following colors can be found on the flag of Turkmenistan?Yes
100%
Which of the following colors can be found on the flag of Turkmenistan?No
100%
Which of the following colors can be found on the flag of Turkmenistan?No
100%
Which of the following colors can be found on the flag of Turkmenistan?No
100%
Which of the following colors can be found on the flag of Turkmenistan?No
100%
Which of the following colors can be found on the flag of Turkmenistan?Yes
100%
Which of the following colors can be found on the flag of Saint Vincent and the Grenadines?No
100%
Which of the following colors can be found on the flag of Saint Vincent and the Grenadines?No
100%
Which of the following colors can be found on the flag of Tajikistan?No
100%
Which of the following colors can be found on the flag of Ghana?No
100%
Which of the following colors can be found on the flag of Luxembourg?No
100%
Which of the following colors can be found on the flag of Luxembourg?No
100%
Which of the following colors can be found on the flag of Luxembourg?No
100%
Which of the following colors can be found on the flag of Luxembourg?No
100%
Which of the following colors can be found on the flag of Luxembourg?Yes
100%
Which of the following colors can be found on the flag of Ghana?No
100%
Which of the following colors can be found on the flag of Ghana?Yes
100%
Which of the following colors can be found on the flag of Ghana?No
100%
Which of the following colors can be found on the flag of Ghana?No
100%
Which of the following colors can be found on the flag of Luxembourg?No
100%
Which of the following colors can be found on the flag of Brazil?No
100%
Which of the following colors can be found on the flag of Brazil?No
100%
Which of the following colors can be found on the flag of Brazil?Yes
100%
Which of the following colors can be found on the flag of Brazil?Yes
100%
Which of the following colors can be found on the flag of Brazil?Yes
100%
Which of the following colors can be found on the flag of Tajikistan?No
100%
Which of the following colors can be found on the flag of Tajikistan?No
100%
Which of the following colors can be found on the flag of Tajikistan?No
100%
Which of the following colors can be found on the flag of Luxembourg?No
100%
Which of the following colors can be found on the flag of Suriname?No
100%
Which of the following colors can be found on the flag of Saint Vincent and the Grenadines?Yes
100%
Which of the following colors can be found on the flag of China?Yes
100%
Which of the following colors can be found on the flag of Saint Vincent and the Grenadines?Yes
100%
Which of the following colors can be found on the flag of Saint Lucia?No
100%
Which of the following colors can be found on the flag of Saint Lucia?Yes
100%
Which of the following colors can be found on the flag of Saint Lucia?No
100%
Which of the following colors can be found on the flag of Saint Lucia?No
100%
Which of the following colors can be found on the flag of Saint Lucia?No
100%
Which of the following colors can be found on the flag of Saint Lucia?No
100%
Which of the following colors can be found on the flag of China?No
100%
Which of the following colors can be found on the flag of China?No
100%
Which of the following colors can be found on the flag of Suriname?No
100%
Which of the following colors can be found on the flag of China?Yes
100%
Which of the following colors can be found on the flag of China?No
100%
Which of the following colors can be found on the flag of China?No
100%
Which of the following colors can be found on the flag of China?No
100%
Which of the following colors can be found on the flag of China?No
100%
Which of the following colors can be found on the flag of China?No
100%
Which of the following colors can be found on the flag of Suriname?No
100%
Which of the following colors can be found on the flag of Suriname?Yes
100%
Which of the following colors can be found on the flag of Mongolia?No
100%
Which of the following colors can be found on the flag of Iraq?No
100%
Which of the following colors can be found on the flag of Mongolia?No
100%
Which of the following colors can be found on the flag of Brunei?Yes
100%
Which of the following colors can be found on the flag of Brunei?No
100%
Which of the following colors can be found on the flag of Eswatini?Yes
100%
Which of the following colors can be found on the flag of Brunei?Yes
100%
Which of the following colors can be found on the flag of Brunei?Yes
100%
Which of the following colors can be found on the flag of Brunei?No
100%
Which of the following colors can be found on the flag of Brunei?No
100%
Which of the following colors can be found on the flag of Eswatini?No
100%
Which of the following colors can be found on the flag of Brunei?No
100%
Which of the following colors can be found on the flag of the Marshall Islands?Yes
100%
Which of the following colors can be found on the flag of the Marshall Islands?No
100%
Which of the following colors can be found on the flag of the Marshall Islands?No
100%
Which of the following colors can be found on the flag of the Marshall Islands?No
100%
Which of the following colors can be found on the flag of the Marshall Islands?Yes
100%
Which of the following colors can be found on the flag of Algeria?No
100%
Which of the following colors can be found on the flag of Brunei?No
100%
Which of the following colors can be found on the flag of Brunei?Yes
100%
Which of the following colors can be found on the flag of Algeria?No
100%
Which of the following colors can be found on the flag of the United Kingdom?No
100%
Which of the following colors can be found on the flag of Venezuela?Yes
100%
Which of the following colors can be found on the flag of Venezuela?Yes
100%
Which of the following colors can be found on the flag of Venezuela?No
100%
Which of the following colors can be found on the flag of Venezuela?No
100%
Which of the following colors can be found on the flag of the United Kingdom?No
100%
Which of the following colors can be found on the flag of the United Kingdom?No
100%
Which of the following colors can be found on the flag of the United Kingdom?No
100%
Which of the following colors can be found on the flag of Malta?Yes
100%
Which of the following colors can be found on the flag of the United Kingdom?Yes
100%
Which of the following colors can be found on the flag of the United Kingdom?Yes
100%
Which of the following colors can be found on the flag of the United Kingdom?No
100%
Which of the following colors can be found on the flag of the United Kingdom?Yes
100%
Which of the following colors can be found on the flag of the United Kingdom?No
100%
Which of the following colors can be found on the flag of Malta?No
100%
Which of the following colors can be found on the flag of Malta?No
100%
Which of the following colors can be found on the flag of Venezuela?Yes
100%
Which of the following colors can be found on the flag of Algeria?No
100%
Which of the following colors can be found on the flag of Algeria?Yes
100%
Which of the following colors can be found on the flag of Croatia?No
100%
Which of the following colors can be found on the flag of Japan?No
100%
Which of the following colors can be found on the flag of Eritrea?No
100%
Which of the following colors can be found on the flag of Croatia?Yes
100%
Which of the following colors can be found on the flag of Ethiopia?Yes
100%
Which of the following colors can be found on the flag of Croatia?Yes
100%
Which of the following colors can be found on the flag of Croatia?Yes
100%
Which of the following colors can be found on the flag of Ethiopia?No
100%
Which of the following colors can be found on the flag of Eritrea?Yes
100%
Which of the following colors can be found on the flag of Croatia?No
100%
Which of the following colors can be found on the flag of Ethiopia?No
100%
Which of the following colors can be found on the flag of Ethiopia?No
100%
Which of the following colors can be found on the flag of Kenya?No
100%
Which of the following colors can be found on the flag of Kenya?Yes
100%
Which of the following colors can be found on the flag of Croatia?No
100%
Which of the following colors can be found on the flag of Kenya?No
100%
Which of the following colors can be found on the flag of Eritrea?No
100%
Which of the following colors can be found on the flag of Eritrea?Yes
100%
Which of the following colors can be found on the flag of Algeria?No
100%
Which of the following colors can be found on the flag of Eritrea?Yes
100%
Which of the following colors can be found on the flag of Algeria?Yes
100%
Which of the following colors can be found on the flag of Algeria?No
100%
Which of the following colors can be found on the flag of Algeria?No
100%
Which of the following colors can be found on the flag of Algeria?Yes
100%
Which of the following colors can be found on the flag of Japan?Yes
100%
Which of the following colors can be found on the flag of Japan?Yes
100%
Which of the following colors can be found on the flag of Japan?No
100%
Which of the following colors can be found on the flag of Japan?No
100%
Which of the following colors can be found on the flag of Japan?No
100%
Which of the following colors can be found on the flag of Japan?No
100%
Which of the following colors can be found on the flag of Eritrea?No
100%
Which of the following colors can be found on the flag of Japan?No
100%
Which of the following colors can be found on the flag of Eritrea?No
100%
Which of the following colors can be found on the flag of Japan?No
100%
Which of the following colors can be found on the flag of Venezuela?No
100%
Which of the following colors can be found on the flag of Germany?Yes
86%
Which of the following colors can be found on the flag of Germany?Yes
86%
Which of the following colors can be found on the flag of Finland?No
86%
Which of the following colors can be found on the flag of Finland?Yes
86%
Which of the following colors can be found on the flag of Dominica?No
80%
Which of the following colors can be found on the flag of the Bahamas?Yes
80%
Which of the following colors can be found on the flag of Dominica?Yes
80%
Which of the following colors can be found on the flag of the Bahamas?No
80%
Which of the following colors can be found on the flag of Dominica?Yes
80%
Which of the following colors can be found on the flag of the Bahamas?No
80%
Which of the following colors can be found on the flag of Dominica?Yes
80%
Which of the following colors can be found on the flag of Dominica?Yes
80%
Which of the following colors can be found on the flag of Dominica?No
80%
Which of the following colors can be found on the flag of South Sudan?No
75%
Which of the following colors can be found on the flag of the Marshall Islands?Yes
75%
Which of the following colors can be found on the flag of South Sudan?Yes
75%
Which of the following colors can be found on the flag of South Sudan?Yes
75%
Which of the following colors can be found on the flag of South Sudan?Yes
75%
Which of the following colors can be found on the flag of the Marshall Islands?No
75%
Which of the following colors can be found on the flag of Iran?No
75%
Which of the following colors can be found on the flag of India?No
75%
Which of the following colors can be found on the flag of Liechtenstein?Yes
75%
Which of the following colors can be found on the flag of India?No
75%
Which of the following colors can be found on the flag of the Republic of the Congo?No
75%
Which of the following colors can be found on the flag of the Marshall Islands?No
75%
Which of the following colors can be found on the flag of Tajikistan?Yes
75%
Which of the following colors can be found on the flag of the Marshall Islands?No
75%
Which of the following colors can be found on the flag of Liechtenstein?Yes
75%
Which of the following colors can be found on the flag of the Republic of the Congo?No
75%
Which of the following colors can be found on the flag of Luxembourg?Yes
75%
Which of the following colors can be found on the flag of Luxembourg?Yes
75%
Which of the following colors can be found on the flag of the Republic of the Congo?Yes
75%
Which of the following colors can be found on the flag of Tajikistan?Yes
75%
Which of the following colors can be found on the flag of Tajikistan?Yes
75%
Which of the following colors can be found on the flag of Mauritius?No
67%
Which of the following colors can be found on the flag of Uganda?No
67%
Which of the following colors can be found on the flag of the Democratic Republic of the Congo?No
67%
Which of the following colors can be found on the flag of the Democratic Republic of the Congo?No
67%
Which of the following colors can be found on the flag of Uganda?No
67%
Which of the following colors can be found on the flag of Cambodia?No
67%
Which of the following colors can be found on the flag of Cambodia?Yes
67%
Which of the following colors can be found on the flag of Cambodia?Yes
67%
Which of the following colors can be found on the flag of Antigua and Barbuda?Yes
67%
Which of the following colors can be found on the flag of Cambodia?No
67%
Which of the following colors can be found on the flag of Cambodia?Yes
67%
Which of the following colors can be found on the flag of Azerbaijan?No
67%
Which of the following colors can be found on the flag of Antigua and Barbuda?Yes
67%
Which of the following colors can be found on the flag of Vanuatu?Yes
67%
Which of the following colors can be found on the flag of the Democratic Republic of the Congo?Yes
67%
Which of the following colors can be found on the flag of Azerbaijan?No
67%
Which of the following colors can be found on the flag of Mauritius?Yes
67%
Which of the following colors can be found on the flag of Uganda?No
67%
Which of the following colors can be found on the flag of Vanuatu?Yes
67%
Which of the following colors can be found on the flag of Azerbaijan?No
67%
Which of the following colors can be found on the flag of Vanuatu?No
67%
Which of the following colors can be found on the flag of Azerbaijan?Yes
67%
Which of the following colors can be found on the flag of Vanuatu?No
67%
Which of the following colors can be found on the flag of Vanuatu?No
67%
Which of the following colors can be found on the flag of Azerbaijan?Yes
67%
Which of the following colors can be found on the flag of Mauritius?Yes
67%
Which of the following colors can be found on the flag of Solomon Islands?Yes
67%
Which of the following colors can be found on the flag of Uganda?Yes
67%
Which of the following colors can be found on the flag of the Democratic Republic of the Congo?No
67%
Which of the following colors can be found on the flag of Eritrea?No
67%
Which of the following colors can be found on the flag of Eritrea?Yes
67%
Which of the following colors can be found on the flag of the Bahamas?Yes
60%
Which of the following colors can be found on the flag of the Bahamas?No
60%
Which of the following colors can be found on the flag of Croatia?Yes
60%
Which of the following colors can be found on the flag of Dominica?Yes
60%
Which of the following colors can be found on the flag of Mongolia?No
50%
Which of the following colors can be found on the flag of Kenya?Yes
50%
Which of the following colors can be found on the flag of Eswatini?No
50%
Which of the following colors can be found on the flag of Brazil?No
50%
Which of the following colors can be found on the flag of Brazil?No
50%
Which of the following colors can be found on the flag of Mongolia?No
50%
Which of the following colors can be found on the flag of Eswatini?Yes
50%
Which of the following colors can be found on the flag of Cyprus?Yes
50%
Which of the following colors can be found on the flag of Eswatini?Yes
50%
Which of the following colors can be found on the flag of Cuba?Yes
50%
Which of the following colors can be found on the flag of Eswatini?Yes
50%
Which of the following colors can be found on the flag of Cuba?Yes
50%
Which of the following colors can be found on the flag of Sri Lanka?Yes
50%
Which of the following colors can be found on the flag of Sri Lanka?Yes
50%
Which of the following colors can be found on the flag of Malta?No
50%
Which of the following colors can be found on the flag of India?Yes
50%
Which of the following colors can be found on the flag of Eswatini?No
50%
Which of the following colors can be found on the flag of Ghana?Yes
50%
Which of the following colors can be found on the flag of Eswatini?Yes
50%
Which of the following colors can be found on the flag of Suriname?No
50%
Which of the following colors can be found on the flag of Saint Lucia?Yes
50%
Which of the following colors can be found on the flag of Ethiopia?Yes
50%
Which of the following colors can be found on the flag of Ethiopia?Yes
50%
Which of the following colors can be found on the flag of Cyprus?Yes
50%
Which of the following colors can be found on the flag of Ethiopia?No
50%
Which of the following colors can be found on the flag of Suriname?Yes
50%
Which of the following colors can be found on the flag of Suriname?Yes
50%
Which of the following colors can be found on the flag of Mongolia?No
50%
Which of the following colors can be found on the flag of Suriname?No
50%
Which of the following colors can be found on the flag of Cyprus?No
50%
Which of the following colors can be found on the flag of Ethiopia?Yes
50%
Which of the following colors can be found on the flag of Ethiopia?No
50%
Which of the following colors can be found on the flag of Ghana?Yes
50%
Which of the following colors can be found on the flag of Ghana?No
50%
Which of the following colors can be found on the flag of Saint Lucia?Yes
50%
Which of the following colors can be found on the flag of Suriname?Yes
50%
Which of the following colors can be found on the flag of Malta?Yes
50%
Which of the following colors can be found on the flag of Tajikistan?No
50%
Which of the following colors can be found on the flag of Malta?Yes
50%
Which of the following colors can be found on the flag of Afghanistan?No
50%
Which of the following colors can be found on the flag of Afghanistan?No
50%
Which of the following colors can be found on the flag of Portugal?Yes
50%
Which of the following colors can be found on the flag of Malta?No
50%
Which of the following colors can be found on the flag of Malta?No
50%
Which of the following colors can be found on the flag of Djibouti?No
50%
Which of the following colors can be found on the flag of Djibouti?No
50%
Which of the following colors can be found on the flag of Mongolia?Yes
50%
Which of the following colors can be found on the flag of Djibouti?Yes
50%
Which of the following colors can be found on the flag of Fiji?Yes
50%
Which of the following colors can be found on the flag of Fiji?Yes
50%
Which of the following colors can be found on the flag of Fiji?Yes
50%
Which of the following colors can be found on the flag of Fiji?Yes
50%
Which of the following colors can be found on the flag of Fiji?Yes
50%
Which of the following colors can be found on the flag of the Republic of the Congo?No
50%
Which of the following colors can be found on the flag of Malta?Yes
50%
Which of the following colors can be found on the flag of Fiji?Yes
50%
Which of the following colors can be found on the flag of Dominica?Yes
40%
Which of the following colors can be found on the flag of Uganda?Yes
33%
Which of the following colors can be found on the flag of Vanuatu?Yes
33%
Which of the following colors can be found on the flag of Uganda?Yes
33%
Which of the following colors can be found on the flag of Azerbaijan?Yes
33%
Which of the following colors can be found on the flag of Vanuatu?Yes
33%
Which of the following colors can be found on the flag of Antigua and Barbuda?Yes
33%
Which of the following colors can be found on the flag of South Sudan?Yes
25%
Which of the following colors can be found on the flag of the Republic of the Congo?Yes
25%
Which of the following colors can be found on the flag of Tajikistan?Yes
25%
Which of the following colors can be found on the flag of the Republic of the Congo?Yes
25%
Which of the following colors can be found on the flag of Croatia?Yes
20%
Which of the following colors can be found on the flag of Croatia?Yes
20%
Which of the following colors can be found on the flag of the Central African Republic?Yes
0%
Which of the following colors can be found on the flag of Sri Lanka?Yes
0%
Which of the following colors can be found on the flag of the Central African Republic?No
0%
Which of the following colors can be found on the flag of the Central African Republic?No
0%
Which of the following colors can be found on the flag of Sierra Leone?Yes
0%
Which of the following colors can be found on the flag of the Central African Republic?No
0%
Which of the following colors can be found on the flag of Sierra Leone?No
0%
Which of the following colors can be found on the flag of Sierra Leone?No
0%
Which of the following colors can be found on the flag of Zambia?No
0%
Which of the following colors can be found on the flag of Sri Lanka?No
0%
Which of the following colors can be found on the flag of Zambia?Yes
0%
Which of the following colors can be found on the flag of Sierra Leone?Yes
0%
Which of the following colors can be found on the flag of Mauritania?Yes
0%
Which of the following colors can be found on the flag of Sierra Leone?No
0%
Which of the following colors can be found on the flag of Zambia?No
0%
Which of the following colors can be found on the flag of Angola?Yes
0%
Which of the following colors can be found on the flag of Sierra Leone?No
0%
Which of the following colors can be found on the flag of Zambia?No
0%
Which of the following colors can be found on the flag of Zambia?Yes
0%
Which of the following colors can be found on the flag of Zambia?No
0%
Which of the following colors can be found on the flag of Zambia?Yes
0%
Which of the following colors can be found on the flag of Zambia?No
0%
Which of the following colors can be found on the flag of Sierra Leone?No
0%
Which of the following colors can be found on the flag of Sierra Leone?No
0%
Which of the following colors can be found on the flag of Zambia?Yes
0%
Which of the following colors can be found on the flag of Sierra Leone?Yes
0%
Which of the following colors can be found on the flag of Mauritania?No
0%
Which of the following colors can be found on the flag of Mali?No
0%
Which of the following colors can be found on the flag of Mauritania?No
0%
Which of the following colors can be found on the flag of Mali?No
0%
Which of the following colors can be found on the flag of Gabon?Yes
0%
Which of the following colors can be found on the flag of Gabon?No
0%
Which of the following colors can be found on the flag of Gabon?No
0%
Which of the following colors can be found on the flag of Mali?Yes
0%
Which of the following colors can be found on the flag of Gabon?No
0%
Which of the following colors can be found on the flag of Gabon?No
0%
Which of the following colors can be found on the flag of Mali?No
0%
Which of the following colors can be found on the flag of Mali?No
0%
Which of the following colors can be found on the flag of Mali?Yes
0%
Which of the following colors can be found on the flag of Djibouti?Yes
0%
Which of the following colors can be found on the flag of Mali?Yes
0%
Which of the following colors can be found on the flag of Mali?No
0%
Which of the following colors can be found on the flag of Venezuela?Yes
0%
Which of the following colors can be found on the flag of Venezuela?No
0%
Which of the following colors can be found on the flag of Mauritania?No
0%
Which of the following colors can be found on the flag of Cape Verde?Yes
0%
Which of the following colors can be found on the flag of South Sudan?Yes
0%
Which of the following colors can be found on the flag of the Federated States of Micronesia?Yes
0%
Which of the following colors can be found on the flag of Venezuela?No
0%
Which of the following colors can be found on the flag of Mauritania?No
0%
Which of the following colors can be found on the flag of Turkmenistan?Yes
0%
Which of the following colors can be found on the flag of the Federated States of Micronesia?No
0%
Which of the following colors can be found on the flag of Uzbekistan?Yes
0%
Which of the following colors can be found on the flag of Mauritania?Yes
0%
Which of the following colors can be found on the flag of Mali?No
0%
Which of the following colors can be found on the flag of Mauritania?No
0%
Which of the following colors can be found on the flag of Vatican City?Yes
0%
Which of the following colors can be found on the flag of Mauritania?No
0%
Which of the following colors can be found on the flag of Mauritania?Yes
0%
Which of the following colors can be found on the flag of Argentina?No
0%
Which of the following colors can be found on the flag of Uganda?Yes
0%
Which of the following colors can be found on the flag of South Korea?No
0%
Which of the following colors can be found on the flag of South Korea?Yes
0%
Which of the following colors can be found on the flag of Portugal?Yes
0%
Which of the following colors can be found on the flag of Italy?Yes
0%
Which of the following colors can be found on the flag of Italy?No
0%
Which of the following colors can be found on the flag of South Korea?Yes
0%
Which of the following colors can be found on the flag of South Korea?Yes
0%
Which of the following colors can be found on the flag of South Korea?Yes
0%
Which of the following colors can be found on the flag of Brazil?Yes
0%
Which of the following colors can be found on the flag of Liechtenstein?Yes
0%
Which of the following colors can be found on the flag of South Korea?No
0%
Which of the following colors can be found on the flag of Eswatini?Yes
0%
Which of the following colors can be found on the flag of South Korea?No
0%
Which of the following colors can be found on the flag of Italy?No
0%
Which of the following colors can be found on the flag of South Korea?No
0%
Which of the following colors can be found on the flag of Ghana?Yes
0%
Which of the following colors can be found on the flag of Italy?Yes
0%
Which of the following colors can be found on the flag of South Africa?Yes
0%
Which of the following colors can be found on the flag of Armenia?No
0%
Which of the following colors can be found on the flag of Cambodia?Yes
0%
Which of the following colors can be found on the flag of Kosovo?No
0%
Which of the following colors can be found on the flag of Bhutan?Yes
0%
Which of the following colors can be found on the flag of Italy?No
0%
Which of the following colors can be found on the flag of Italy?No
0%
Which of the following colors can be found on the flag of Brazil?No
0%
Which of the following colors can be found on the flag of Armenia?No
0%
Which of the following colors can be found on the flag of Armenia?Yes
0%
Which of the following colors can be found on the flag of Armenia?No
0%
Which of the following colors can be found on the flag of Armenia?Yes
0%
Which of the following colors can be found on the flag of Armenia?No
0%
Which of the following colors can be found on the flag of Armenia?No
0%
Which of the following colors can be found on the flag of Armenia?Yes
0%
Which of the following colors can be found on the flag of Armenia?No
0%
Which of the following colors can be found on the flag of Fiji?Yes
0%
Which of the following colors can be found on the flag of South Africa?Yes
0%
Which of the following colors can be found on the flag of the Central African Republic?Yes
0%
Which of the following colors can be found on the flag of Argentina?Yes
0%
Which of the following colors can be found on the flag of Argentina?No
0%
Which of the following colors can be found on the flag of Argentina?Yes
0%
Which of the following colors can be found on the flag of Argentina?No
0%
Which of the following colors can be found on the flag of Argentina?No
0%
Which of the following colors can be found on the flag of Argentina?No
0%
Which of the following colors can be found on the flag of Argentina?Yes
0%
Which of the following colors can be found on the flag of Saint Lucia?Yes
0%
Which of the following colors can be found on the flag of Guyana?Yes
0%
Which of the following colors can be found on the flag of South Africa?Yes
0%
Which of the following colors can be found on the flag of the Central African Republic?Yes
0%
Which of the following colors can be found on the flag of South Africa?No
0%
Which of the following colors can be found on the flag of Italy?No
0%
Which of the following colors can be found on the flag of Italy?No
0%
Which of the following colors can be found on the flag of Italy?Yes
0%
Which of the following colors can be found on the flag of Argentina?Yes
0%
Which of the following colors can be found on the flag of South Africa?Yes
0%
Which of the following colors can be found on the flag of Montenegro?Yes
0%
Which of the following colors can be found on the flag of Montenegro?Yes
0%
Which of the following colors can be found on the flag of South Africa?No
0%
Which of the following colors can be found on the flag of South Africa?No
0%
Which of the following colors can be found on the flag of the Central African Republic?No
0%
Which of the following colors can be found on the flag of the Central African Republic?Yes
0%
Which of the following colors can be found on the flag of the Central African Republic?No
0%
Which of the following colors can be found on the flag of South Africa?Yes
0%
Which of the following colors can be found on the flag of Montenegro?Yes
0%
Which of the following colors can be found on the flag of Montenegro?No
0%
Which of the following colors can be found on the flag of South Africa?Yes
0%
Which of the following colors can be found on the flag of Guyana?Yes
0%
Which of the following colors can be found on the flag of Guyana?Yes
0%
Which of the following colors can be found on the flag of Guyana?Yes
0%
Which of the following colors can be found on the flag of Montenegro?Yes
0%
Which of the following colors can be found on the flag of Guyana?Yes
0%
Which of the following colors can be found on the flag of Guyana?No
0%
Which of the following colors can be found on the flag of South Korea?No
0%

Score Distribution

Percentile by Number Answered

Percent of People with Each Score

Your Score History

You have not taken this quiz